=LDR 00000nam 2200000 4500 =001 INLIS000000000033712 =005 20140328102914.0 =006 =007 =008 ind =035 ##$$a 0010-061300000033712 =041 ##$$a ind =082 ##$$a 510.7 =090 ##$$a 510.7, Toa.m =100 ##$$a To'Ali =245 ##$$a Matematika Sekolah Menengah Kejuruan (SMK) Untuk Kls x, xii, To'ali =260 ##$$a 2008 $b Jakarta =300 ##$$a 158 hlm., Illus., 25 cm =650 ##$$a Matematika - Studi dan Pengajaran =850 ##$$a NBPNMAT =990 ##$$a 92014/BPAP-NTB/2014 =990 ##$$a 70567056 =990 ##$$a 01201807056 =990 ##$$a 92014/BPAP-NTB/2014 =990 ##$$a 01201807056 =990 ##$$a 92014/BPAP-NTB/2014